00565nam a2200133Ia 4500008004100000100002100041245010300062245011600165260005300281260000900334300001200343650001500355856006100370170221s9999 xx 000 0 und d aEugeny P. Kolpak aSpecial Aspects of Leasing Activities and Its Meaning in Conditions of Enterprise Competitiveness  cEugeny P. Kolpak, Ekaterina V. Gorynya, Aleksandra I. Shaposhnikova, Klara E. Khasenova, Nataliya S. Zemlyakova bInternational Review of Management and Marketing c2016 a15 : 21 xMarketing. uhttp://www.econjournals.com/index.php/irmm/issue/view/86